La procura alle liti nel processo civile e nel processo tributario

Detalles Bibliográficos
Autor principal: Rau, Filippo
Formato: eBook
Lenguaje:italiano
Publicado: Bari : Cacucci Editore, 2012
Materias:
Acceso en línea:http://www.vlex.com/source/11189

MARC

LEADER 00000nam a22000007a 4500
005 20130426161341.0
007 cr|||| ||||
008 130426e2012 it |||||s|||| 00||0 ita d
020 |a 9788866111641 
035 |a 11189 
040 |a vLex 
090 |c 4207  |d 4207 
100 1 0 |a Rau, Filippo 
245 1 3 |a La procura alle liti nel processo civile e nel processo tributario  |c / Filippo Rau   |h [Recurso electrn̤ico] 
256 |a Servicio en ln̕ea 
260 |a Bari :  |b Cacucci Editore,   |c 2012 
300 |a 1 Recurso electrn̤ico 
506 |d vLex Global  |d vLex Global (Academic Edition, excluding Law Schools)  |d vLex Global (U.S. Academic Edition, Law Schools)  |d vLex Global (U.S. Academic Edition, excluding Law Schools)  |d vLex Global (Academic Edition, Law Schools) 
650 0 4 |a Procedimiento civil  |z Italia 
650 0 4 |a Derecho tributario  |z Italia 
740 |a vLex Libros (Servicio en ln̕ea) 
856 |a Acceso restringido  |u http://www.vlex.com/source/11189 
942 |c BOOK 
999 0 |a Civil procedure